[Event "4NCL Division Three East"]
[Site "Warwick, ENG"]
[Date "2023.02.12"]
[Round "6.31"]
[White "Sagues, Vincent"]
[Black "Graham, David B"]
[Result "0-1"]
[WhiteElo "2067"]
[BlackElo "2187"]
[PlyCount "72"]
[EventDate "2023.02.12"]
[WhiteTeam "Iceni 1"]
[BlackTeam "Sussex Martlets 2"]

1. e4 c5 2. Nf3 d6 3. d4 cxd4 4. Nxd4 Nf6 5. f3 e5 6. Nb3 d5 7. Bg5 d4 8. c3
Nc6 9. Bb5 h6 10. Bxf6 Qxf6 11. cxd4 Bb4+ 12. Nc3 O-O 13. d5 Nd4 14. Bc4 Qg6
15. O-O Bh3 16. Qd2 Rac8 17. Bd3 Rxc3 18. bxc3 Bxc3 19. Qf2 Nxb3 20. Qg3 Bd4+
21. Kh1 Qxg3 22. hxg3 Nxa1 23. gxh3 Rc8 24. Rb1 Rc7 25. h4 Kf8 26. f4 Ke7 27.
Kh2 Kd6 28. fxe5+ Bxe5 29. Rf1 Nc2 30. Rf2 Nb4 31. Bb5 Rc2 32. Rxc2 Nxc2 33.
Kg2 Nd4 34. Bd3 b5 35. g4 b4 36. Kf1 a5 0-1

[Event "4NCL Division Three East"]
[Site "Warwick, ENG"]
[Date "2023.02.12"]
[Round "6.32"]
[White "Rogacewicz, Mikolaj"]
[Black "Hughes, Roy"]
[Result "1/2-1/2"]
[WhiteElo "2003"]
[BlackElo "2044"]
[PlyCount "81"]
[EventDate "2023.02.12"]
[WhiteTeam "Sussex Martlets 2"]
[BlackTeam "Iceni 1"]

1. d4 d5 2. c4 c6 3. Nf3 Nf6 4. e3 Bf5 5. Nc3 e6 6. Nh4 Bg4 7. Qb3 Qb6 8. h3
Bh5 9. g4 Bg6 10. Nxg6 hxg6 11. Bg2 Be7 12. Bd2 Na6 13. Qxb6 axb6 14. b3 Nc7
15. Ke2 Bd6 16. f4 Bb4 17. Na4 Bxd2 18. Kxd2 Ra6 19. Nc3 Ke7 20. a4 Rd8 21. Kd3
Raa8 22. Bf3 Nfe8 23. h4 Nd6 24. c5 bxc5 25. dxc5 Nde8 26. b4 f6 27. g5 e5 28.
fxe5 fxe5 29. Bg2 Ne6 30. Ne2 N8c7 31. Kc2 Rf8 32. Rhf1 Rxf1 33. Bxf1 Rf8 34.
Nc3 Rf2+ 35. Kb3 Rf3 36. Re1 Nf8 37. b5 Nd7 38. Kb4 Ne6 39. Bg2 Rf7 40. Bxd5
Ndxc5 41. Bc4 1/2-1/2

[Event "4NCL Division Three East"]
[Site "Warwick, ENG"]
[Date "2023.02.12"]
[Round "6.33"]
[White "Ortiz Sanchez, Luis"]
[Black "Higgs, Anthony R J"]
[Result "1/2-1/2"]
[WhiteElo "2024"]
[BlackElo "1952"]
[PlyCount "61"]
[EventDate "2023.02.12"]
[WhiteTeam "Iceni 1"]
[BlackTeam "Sussex Martlets 2"]

1. e4 d6 2. d4 Nf6 3. Nc3 Nbd7 4. Nf3 e5 5. Bc4 h6 6. O-O Be7 7. Re1 c6 8. a4
Qc7 9. h3 g5 10. d5 Rg8 11. dxc6 bxc6 12. b4 Nb6 13. Bf1 Be6 14. b5 c5 15. a5
Nbd7 16. Nd5 Nxd5 17. exd5 Bf5 18. Bd3 Bg6 19. Bxg6 Rxg6 20. c4 Kf8 21. Bd2 Rb8
22. Qc2 Kg7 23. Bc3 f5 24. Qxf5 Rf8 25. Qd3 g4 26. hxg4 Rxg4 27. Rab1 Qc8 28.
b6 axb6 29. axb6 Qe8 30. Re4 Rxe4 31. Qxe4 1/2-1/2

[Event "4NCL Division Three East"]
[Site "Warwick, ENG"]
[Date "2023.02.12"]
[Round "6.34"]
[White "Graham, William M"]
[Black "Gibbs, Dominic V"]
[Result "0-1"]
[WhiteElo "1995"]
[BlackElo "1966"]
[PlyCount "104"]
[EventDate "2023.02.12"]
[WhiteTeam "Sussex Martlets 2"]
[BlackTeam "Iceni 1"]

1. c4 f5 2. g3 Nf6 3. Bg2 g6 4. Nc3 Bg7 5. d3 O-O 6. e4 fxe4 7. dxe4 d6 8. Nge2
c5 9. O-O Nc6 10. Rb1 e5 11. Nb5 Nd4 12. Nexd4 cxd4 13. Nxd4 exd4 14. Qxd4 Be6
15. b3 d5 16. e5 Ng4 17. Bxd5 Bxd5 18. Qxg4 Bc6 19. Rd1 Qe7 20. Re1 Bf3 21. Qh3
Rae8 22. Bh6 Rf5 23. Bxg7 Kxg7 24. Re3 h5 25. Qf1 h4 26. Qd3 Bc6 27. Rbe1 hxg3
28. Rxg3 Qf7 29. Qd4 Re6 30. Qxa7 Rfxe5 31. Rxe5 Rxe5 32. Qd4 Qf4 33. Qc3 Qe4
34. f3 Qb1+ 35. Kg2 Qxa2+ 36. Kg1 Qb1+ 37. Kf2 Qf5 38. Rg4 Qf6 39. Kg3 Rf5 40.
Qxf6+ Kxf6 41. Rf4 Ke5 42. Rxf5+ Kxf5 43. h4 b6 44. b4 Bb7 45. c5 b5 46. f4 Bc6
47. h5 gxh5 48. Kh4 Kxf4 49. Kxh5 Ke4 50. Kg5 Kd4 51. Kf5 Kc4 52. Ke5 Kxb4 0-1

[Event "4NCL Division Three East"]
[Site "Warwick, ENG"]
[Date "2023.02.12"]
[Round "6.35"]
[White "Lewis, Stephen"]
[Black "Ursell, Adam R"]
[Result "1/2-1/2"]
[WhiteElo "1966"]
[BlackElo "1927"]
[PlyCount "84"]
[EventDate "2023.02.12"]
[WhiteTeam "Iceni 1"]
[BlackTeam "Sussex Martlets 2"]

1. d4 d5 2. Nc3 Nf6 3. Bf4 c5 4. e3 cxd4 5. exd4 a6 6. Qd2 Bf5 7. Bd3 Bxd3 8.
Qxd3 e6 9. Nf3 Bd6 10. Bxd6 Qxd6 11. O-O O-O 12. Ne5 Nc6 13. Nxc6 Qxc6 14. Nd1
Rac8 15. c3 b5 16. a3 a5 17. f3 b4 18. axb4 axb4 19. Rf2 bxc3 20. bxc3 Ra8 21.
Rfa2 Rxa2 22. Rxa2 Rc8 23. Kf2 g6 24. g3 Ne8 25. Qa6 Qd7 26. Qa4 Qe7 27. Qa6
Nd6 28. Qd3 Qf6 29. Kg2 h5 30. Ra6 Qe7 31. Ra2 h4 32. Ra6 Nc4 33. Ra2 hxg3 34.
hxg3 Qb7 35. Kf2 Qb3 36. Rc2 Kg7 37. Re2 Rh8 38. Kg2 Rc8 39. Kf2 Ra8 40. Qc2
Ra3 41. Qxb3 Rxb3 42. Rc2 Kf6 1/2-1/2

[Event "4NCL Division Three East"]
[Site "Warwick, ENG"]
[Date "2023.02.12"]
[Round "6.36"]
[White "Nguyen, Anh"]
[Black "Calvert, D Ian"]
[Result "1-0"]
[WhiteElo "1764"]
[BlackElo "2007"]
[PlyCount "137"]
[EventDate "2023.02.12"]
[WhiteTeam "Sussex Martlets 2"]
[BlackTeam "Iceni 1"]

1. e4 d5 2. exd5 Qxd5 3. Nf3 Bg4 4. Be2 Nc6 5. h3 Bxf3 6. Bxf3 Qe6+ 7. Qe2
Qxe2+ 8. Bxe2 Nd4 9. Bd1 e5 10. d3 Nf6 11. c3 Ne6 12. g3 O-O-O 13. Bc2 Nc5 14.
Ke2 Bd6 15. Nd2 Rhe8 16. Nc4 Bf8 17. a4 Nd5 18. Ne3 g6 19. Nxd5 Rxd5 20. b4 Ne6
21. Be3 Kb8 22. Bb3 Rdd8 23. Bc4 f5 24. a5 Nd4+ 25. Kd1 Ne6 26. Kc2 f4 27. Bd2
Bd6 28. Rhg1 Ng5 29. gxf4 Nf3 30. fxe5 Nxd2 31. Kxd2 Rxe5 32. d4 Rf5 33. Rgf1
Rdf8 34. Ke2 Rf3 35. Bd3 Rxh3 36. Rh1 Re8+ 37. Kd2 Rf3 38. Raf1 Rf7 39. f3 Bf4+
40. Kc2 c6 41. a6 b6 42. Be4 Kc7 43. Rh3 Ree7 44. Rb1 Rg7 45. b5 cxb5 46. Rxb5
g5 47. Kd3 Kd8 48. Rd5+ Ke8 49. c4 Rc7 50. Rh1 g4 51. fxg4 Rxg4 52. Bxh7 Rg3+
53. Ke4 Bd2 54. Re5+ Kd8 55. Bf5 Re3+ 56. Kd5 Rxe5+ 57. Kxe5 Bb4 58. Be6 Ke7
59. Rh3 Bd6+ 60. Kd5 Bb4 61. Rh8 Ba3 62. Ra8 Bb4 63. Bc8 Bc3 64. c5 bxc5 65.
dxc5 Bb4 66. c6 Ba5 67. Bd7 Rxd7+ 68. cxd7 Kxd7 69. Rxa7+ 1-0

[Event "4NCL Division Three East"]
[Site "Warwick, ENG"]
[Date "2023.02.12"]
[Round "6.41"]
[White "Seymour, Timothy P"]
[Black "Freeman, Richard C P"]
[Result "1-0"]
[WhiteElo "2093"]
[BlackElo "2029"]
[PlyCount "67"]
[EventDate "2023.02.12"]
[WhiteTeam "Surbiton"]
[BlackTeam "MK Phoenix 1"]

1. b3 g6 2. Bb2 Nf6 3. e3 Bg7 4. Nf3 d6 5. d4 O-O 6. Be2 Nbd7 7. O-O c6 8. a4
a5 9. Nbd2 Qc7 10. e4 e5 11. dxe5 Nxe5 12. Nxe5 dxe5 13. Nc4 Nxe4 14. Qd3 Nc5
15. Qe3 Ne6 16. Bxe5 Bxe5 17. Nxe5 f6 18. Nc4 Nf4 19. Bf3 Bf5 20. Qc3 Nd5 21.
Qb2 Kg7 22. Bxd5 cxd5 23. Ne3 Qe5 24. Nxf5+ Qxf5 25. Rad1 Rac8 26. Rd3 Rf7 27.
Rfd1 Rc5 28. c3 Rfc7 29. Qd2 Qc8 30. Rc1 Qe6 31. Re1 Qb6 32. Rxd5 Qxb3 33. Rxc5
Rxc5 34. Re7+ 1-0

[Event "4NCL Division Three East"]
[Site "Warwick, ENG"]
[Date "2023.02.12"]
[Round "6.42"]
[White "Brown, Alan M"]
[Black "Scott, David A"]
[Result "1-0"]
[WhiteElo "1997"]
[BlackElo "2118"]
[PlyCount "95"]
[EventDate "2023.02.12"]
[WhiteTeam "MK Phoenix 1"]
[BlackTeam "Surbiton"]

1. d4 d5 2. Nf3 Nf6 3. c4 c6 4. cxd5 cxd5 5. Nc3 Nc6 6. Bf4 a6 7. e3 Bg4 8. Be2
e6 9. O-O Bd6 10. Bxd6 Qxd6 11. Rc1 O-O 12. Na4 Rac8 13. a3 Rc7 14. Nc5 Bxf3
15. Bxf3 e5 16. Nb3 e4 17. Be2 Ne8 18. f4 exf3 19. Rxf3 Nf6 20. Bd3 Rfc8 21.
Bf5 Re8 22. Qd2 Ne4 23. Bxe4 Rxe4 24. Rcf1 b6 25. Qf2 Nd8 26. Qe2 a5 27. Nd2
Re8 28. Nb1 Ne6 29. Qb5 Rf8 30. Nc3 Rd7 31. Na4 Rb7 32. Rf5 Nc7 33. Qb3 Qe6 34.
Nc5 bxc5 35. Qxb7 Qxe3+ 36. Kh1 Qe7 37. dxc5 Qxc5 38. b4 axb4 39. axb4 Qc4 40.
R5f4 d4 41. Kg1 f6 42. Re4 Nd5 43. Rfe1 Ne3 44. R1xe3 f5 45. Re7 dxe3 46. Rxg7+
Kh8 47. Rxh7+ Kg8 48. Qg7# 1-0

[Event "4NCL Division Three East"]
[Site "Warwick, ENG"]
[Date "2023.02.12"]
[Round "6.43"]
[White "Faulks, Nick"]
[Black "Elwin, Adrian G"]
[Result "0-1"]
[WhiteElo "1802"]
[BlackElo "1958"]
[PlyCount "72"]
[EventDate "2023.02.12"]
[WhiteTeam "Surbiton"]
[BlackTeam "MK Phoenix 1"]

1. e4 c6 2. c4 d5 3. cxd5 cxd5 4. exd5 Nf6 5. Qa4+ Bd7 6. Qb3 Qc7 7. Nc3 e6 8.
d4 Nxd5 9. Nxd5 exd5 10. Qxd5 Bb4+ 11. Kd1 Nc6 12. Qe4+ Ne7 13. Bf4 Qb6 14. Nf3
O-O 15. Bc4 Bc6 16. Qd3 Rad8 17. Be3 Bxf3+ 18. gxf3 Bc5 19. Ke1 Bxd4 20. Bxd4
Rxd4 21. Qb3 Qc7 22. Rc1 Ng6 23. Rc3 Qf4 24. Qc2 Re8+ 25. Kf1 Qd6 26. Rd3 Nf4
27. Rxd4 Qxd4 28. Rg1 Rd8 29. Be2 Qd2 30. Qxd2 Rxd2 31. Rg4 Rxe2 32. Rxf4 Rxb2
33. Rc4 g6 34. Rc7 a5 35. Kg2 b5 36. Rb7 b4 0-1

[Event "4NCL Division Three East"]
[Site "Warwick, ENG"]
[Date "2023.02.12"]
[Round "6.44"]
[White "Lambourne, Dan M"]
[Black "Davies, Neil"]
[Result "1-0"]
[WhiteElo "1963"]
[BlackElo "1844"]
[PlyCount "111"]
[EventDate "2023.02.12"]
[WhiteTeam "MK Phoenix 1"]
[BlackTeam "Surbiton"]

1. d4 Nf6 2. Nf3 d5 3. Bf4 Bf5 4. e3 c6 5. c3 e6 6. Be2 h6 7. Nbd2 Be7 8. Ne5
Nbd7 9. Qb3 Qb6 10. O-O O-O 11. c4 Nxe5 12. Bxe5 Nd7 13. Bg3 dxc4 14. Bxc4 Bb4
15. Rad1 Bxd2 16. Rxd2 Qxb3 17. Bxb3 Be4 18. Bd1 Bd5 19. b3 f5 20. f3 Nf6 21.
Bc2 Rfc8 22. Be5 c5 23. Bxf6 gxf6 24. e4 Bc6 25. exf5 Rd8 26. Rfd1 exf5 27.
Bxf5 cxd4 28. Rxd4 Rxd4 29. Rxd4 Re8 30. Kf2 Re5 31. Bd3 Kf8 32. a4 a5 33. Rh4
h5 34. Bc4 b5 35. Be2 b4 36. f4 Rc5 37. Rxh5 Rc3 38. Rh8+ Ke7 39. Rh3 Rc2 40.
Re3+ Kf8 41. g4 Bd5 42. Rd3 Be4 43. Rd4 f5 44. Ke1 Rb2 45. gxf5 Bc2 46. Rd5
Bxb3 47. Rxa5 Rb1+ 48. Kd2 Rb2+ 49. Ke3 Ra2 50. Ra8+ Kg7 51. a5 Bd5 52. Rb8 b3
53. a6 b2 54. Kd4 Ba8 55. Bd3 Bc6 56. Rb6 1-0

[Event "4NCL Division Three East"]
[Site "Warwick, ENG"]
[Date "2023.02.12"]
[Round "6.45"]
[White "Alcock, Graham P"]
[Black "Smith, Graham"]
[Result "1-0"]
[WhiteElo "1758"]
[BlackElo "1914"]
[PlyCount "67"]
[EventDate "2023.02.12"]
[WhiteTeam "Surbiton"]
[BlackTeam "MK Phoenix 1"]

1. e4 c5 2. c3 Nf6 3. e5 Nd5 4. d4 cxd4 5. Qxd4 e6 6. Nf3 Nc6 7. Qe4 f5 8. exf6
Nxf6 9. Qc2 Bc5 10. Bd3 Qe7 11. Nbd2 d5 12. O-O O-O 13. Nb3 Bb6 14. Re1 e5 15.
Bb5 Ng4 16. Be3 Nxe3 17. fxe3 Bg4 18. Nbd2 a6 19. Ba4 Ba7 20. Kh1 e4 21. Nd4
Ne5 22. Bb3 Kh8 23. Bxd5 Nd3 24. Rf1 Nf2+ 25. Kg1 Qh4 26. Nxe4 Bb8 27. g3 Bxg3
28. Nxg3 Nh3+ 29. Kh1 Qg5 30. Ngf5 Qg6 31. Ne6 Qf6 32. Ng3 Nf2+ 33. Kg1 Bxe6
34. Bg2 1-0

[Event "4NCL Division Three East"]
[Site "Warwick, ENG"]
[Date "2023.02.12"]
[Round "6.46"]
[White "Valentine, Brian J"]
[Black "Boughen, Andrew"]
[Result "0-1"]
[WhiteElo "1937"]
[BlackElo "1706"]
[PlyCount "64"]
[EventDate "2023.02.12"]
[WhiteTeam "MK Phoenix 1"]
[BlackTeam "Surbiton"]

1. e4 c6 2. Nc3 d5 3. Nf3 Bg4 4. h3 Bxf3 5. Qxf3 e6 6. d3 Nf6 7. Be2 Be7 8. O-O
O-O 9. Qg3 Nbd7 10. Bh6 Ne8 11. Bd2 d4 12. Nd1 Bh4 13. Qh2 e5 14. f4 exf4 15.
Bxf4 Bg5 16. Nf2 Bxf4 17. Qxf4 Qc7 18. Ng4 Qxf4 19. Rxf4 h5 20. Nh2 Nef6 21.
Raf1 Rae8 22. Nf3 c5 23. Bd1 Re7 24. c3 dxc3 25. bxc3 c4 26. Bc2 cxd3 27. Bxd3
Nc5 28. Bc2 Ncxe4 29. Re1 Rfe8 30. Ba4 Nxc3 31. Bxe8 Rxe1+ 32. Nxe1 Ne2+ 0-1

[Event "4NCL Division Three East"]
[Site "Warwick, ENG"]
[Date "2023.02.12"]
[Round "6.51"]
[White "Nelson, Omowale"]
[Black "Hryshchenko, Kamila"]
[Result "0-1"]
[WhiteElo "1995"]
[BlackElo "2139"]
[PlyCount "118"]
[EventDate "2023.02.12"]
[WhiteTeam "Watford A"]
[BlackTeam "Hull & East Riding Tigers"]

1. d4 d6 2. c4 g6 3. Nc3 Bg7 4. e4 Nf6 5. h3 Nbd7 6. Nf3 e5 7. d5 h6 8. Be3 O-O
9. Be2 a5 10. Qc2 Ne8 11. g4 Nc5 12. O-O-O Bd7 13. Kb1 f5 14. exf5 gxf5 15. Nd2
Na6 16. f3 Qh4 17. a3 c6 18. Rdg1 Rc8 19. Bb6 Kh8 20. Bd3 Nf6 21. Qd1 cxd5 22.
cxd5 Nc5 23. Bc2 a4 24. Nc4 Ne8 25. Qe2 e4 26. fxe4 fxe4 27. Nxe4 Nxe4 28. Bxe4
Bb5 29. Bd3 Qg5 30. Ne3 Bxd3+ 31. Qxd3 Qe5 32. Rg2 Rf3 33. Re1 Rxh3 34. Qf5 Rg3
35. Qxe5 Bxe5 36. Rxg3 Bxg3 37. Rf1 Be5 38. Rf7 Nf6 39. Rxb7 Rg8 40. Ra7 Rb8
41. Nc4 Nxd5 42. Nxe5 dxe5 43. Bc5 Kg8 44. Bd6 Re8 45. Ra5 Ne3 46. Rxa4 e4 47.
Rd4 Nxg4 48. Kc1 h5 49. Kd1 h4 50. Ke2 Kf7 51. b4 h3 52. Bf4 Kf6 53. b5 Kf5 54.
Bc7 h2 55. Rd1 Ra8 56. Bxh2 Nxh2 57. Ra1 Rg8 58. b6 Rg2+ 59. Ke3 Ke5 0-1

[Event "4NCL Division Three East"]
[Site "Warwick, ENG"]
[Date "2023.02.12"]
[Round "6.52"]
[White "Varley, Joe"]
[Black "Van Essen, Luuk"]
[Result "1-0"]
[WhiteElo "2024"]
[BlackElo "1965"]
[PlyCount "73"]
[EventDate "2023.02.12"]
[WhiteTeam "Hull & East Riding Tigers"]
[BlackTeam "Watford A"]

1. e4 c6 2. d4 d5 3. f3 dxe4 4. fxe4 e5 5. Nf3 Bg4 6. Bc4 Bxf3 7. Qxf3 Nf6 8.
dxe5 Qa5+ 9. Nc3 Qxe5 10. Bf4 Qc5 11. e5 Qxc4 12. exf6 gxf6 13. O-O-O Nd7 14.
Rhe1+ Be7 15. Re4 Qc5 16. Bd6 Qg5+ 17. Bf4 Qc5 18. Rde1 O-O-O 19. Rxe7 Ne5 20.
Qh3+ Kb8 21. R7xe5 fxe5 22. Bxe5+ Ka8 23. Bxh8 Rxh8 24. Qe3 Qxe3+ 25. Rxe3 a6
26. Rf3 Rg8 27. Rxf7 Rxg2 28. Rxh7 Ka7 29. h4 Rh2 30. Ne4 Rh1+ 31. Kd2 Rh2+ 32.
Kd3 Rh3+ 33. Kd4 Rh2 34. Kc3 Rh3+ 35. Kb4 Rh2 36. Kb3 Rh3+ 37. c3 1-0

[Event "4NCL Division Three East"]
[Site "Warwick, ENG"]
[Date "2023.02.12"]
[Round "6.53"]
[White "Rubeck, Jonathan"]
[Black "Larchikov, Maksym"]
[Result "1-0"]
[WhiteElo "1886"]
[BlackElo "2071"]
[PlyCount "175"]
[EventDate "2023.02.12"]
[WhiteTeam "Watford A"]
[BlackTeam "Hull & East Riding Tigers"]

1. e4 c5 2. c3 Nf6 3. e5 Nd5 4. d4 cxd4 5. cxd4 Nc6 6. Nf3 d6 7. Bc4 Nb6 8. Bb5
dxe5 9. Nxe5 Bd7 10. Nxd7 Qxd7 11. Nc3 e6 12. Qg4 h5 13. Qe4 Rd8 14. Bg5 Be7
15. Bxe7 Kxe7 16. Rd1 Nd5 17. O-O a6 18. Bxc6 Qxc6 19. Qh4+ f6 20. Ne4 b6 21.
Rfe1 g5 22. Qh3 Rdg8 23. Qa3+ Kf7 24. Nd6+ Ke7 25. Nf5+ Kf7 26. Rc1 Qd7 27.
Nd6+ Ke7 28. Ne4+ Kf7 29. Rc2 Kg7 30. Rce2 Nf4 31. Rd2 Nd5 32. Nc3 Nc7 33. d5
Rd8 34. d6 Nb5 35. Qxa6 Nxc3 36. bxc3 Rc8 37. c4 Rc6 38. Qb5 Rd8 39. Red1 Ra8
40. Qb3 Ra5 41. Qd3 Rac5 42. Rc2 Rc8 43. h3 R5c6 44. Qd4 Rd8 45. Rcd2 Rdc8 46.
Rd3 Rc5 47. Rf3 e5 48. Qb2 R8c6 49. Rb3 Rxd6 50. Rxd6 Qxd6 51. Rxb6 Qd1+ 52.
Kh2 Qd4 53. Rb7+ Kh6 54. Qc2 e4 55. Rb4 h4 56. a4 Qe5+ 57. Kg1 Qa1+ 58. Rb1 Qd4
59. Rc1 f5 60. Qb3 Qd8 61. Rd1 Qc7 62. Qc3 Qg7 63. Rd4 Qc7 64. Qb4 Kg6 65. Kf1
Kh6 66. Ke2 Kg6 67. Kd1 Qe5 68. Qb6+ Kh5 69. Qd8 Rc7 70. Qd5 Qxd5 71. cxd5 Kg6
72. d6 Rd7 73. Kd2 Kf6 74. Kc3 Ke5 75. a5 f4 76. a6 e3 77. fxe3 fxe3 78. Rd1
Kf4 79. Ra1 e2 80. Kd2 Rxd6+ 81. Kxe2 Rd8 82. a7 Ra8 83. Kf2 Ke4 84. Ra4+ Ke5
85. Kf3 Kf5 86. Ra5+ Kg6 87. Kg4 Kf6 88. Ra6+ 1-0

[Event "4NCL Division Three East"]
[Site "Warwick, ENG"]
[Date "2023.02.12"]
[Round "6.54"]
[White "Hodge, Steve R"]
[Black "Lancaster, Roger"]
[Result "0-1"]
[WhiteElo "2007"]
[BlackElo "1956"]
[PlyCount "52"]
[EventDate "2023.02.12"]
[WhiteTeam "Hull & East Riding Tigers"]
[BlackTeam "Watford A"]

1. e4 e6 2. d4 d5 3. Nd2 c5 4. Ngf3 cxd4 5. exd5 Qxd5 6. Bc4 Qd6 7. O-O Nf6 8.
Nb3 Nc6 9. Nbxd4 Nxd4 10. Nxd4 a6 11. Re1 Qc7 12. Bf1 Bd6 13. Nf5 Bxh2+ 14. Kh1
O-O 15. Nxg7 Rd8 16. Qf3 Kxg7 17. Bg5 Be5 18. c3 Bd7 19. Qe3 Ng4 20. Qe2 f5 21.
f3 Bf6 22. fxg4 Bxg5 23. gxf5 exf5 24. Qf3 Qc6 25. Qg3 Qh6+ 26. Kg1 Be8 0-1

[Event "4NCL Division Three East"]
[Site "Warwick, ENG"]
[Date "2023.02.12"]
[Round "6.55"]
[White "Taylor, Alistair"]
[Black "Vleeshhouwer, Douglas"]
[Result "1/2-1/2"]
[WhiteElo "1888"]
[BlackElo "2010"]
[PlyCount "107"]
[EventDate "2023.02.12"]
[WhiteTeam "Watford A"]
[BlackTeam "Hull & East Riding Tigers"]

1. e4 c5 2. c4 g6 3. Nc3 Bg7 4. d3 Nc6 5. Nf3 d6 6. h3 e6 7. Bf4 a6 8. Be2 Nge7
9. Qd2 h6 10. Rb1 Nd4 11. Bd1 Nec6 12. Nxd4 cxd4 13. Ne2 e5 14. Bg3 Be6 15. Ba4
Qc7 16. O-O O-O 17. Bxc6 Qxc6 18. b3 b5 19. Rfc1 Rfc8 20. f3 a5 21. Be1 bxc4
22. dxc4 f5 23. Qd3 fxe4 24. fxe4 Rf8 25. Bd2 Kh7 26. Rf1 Rxf1+ 27. Rxf1 a4 28.
Rc1 axb3 29. axb3 Ra3 30. Rc2 Qb7 31. Rb2 Bf6 32. Bc1 Qa6 33. Kh2 Kg7 34. Rb1
Ra2 35. Ng3 Bh4 36. Nf1 d5 37. Nd2 Bg5 38. Nf3 dxc4 39. bxc4 Bxc4 40. Qd1 Bf6
41. Qe1 Bd3 42. Rb8 Ra4 43. Qg3 Bxe4 44. Nxe5 Ra2 45. Nf3 Qc6 46. Nd2 Bd5 47.
Bb2 Qc2 48. Qd6 Qf5 49. Nf3 g5 50. Rb5 Rxb2 51. Rxd5 Qxf3 52. Qd7+ Kf8 53. Qc8+
Kf7 54. Qd7+ 1/2-1/2

[Event "4NCL Division Three East"]
[Site "Warwick, ENG"]
[Date "2023.02.12"]
[Round "6.56"]
[White "Collinson, Mark I"]
[Black "Vig, Sanjay"]
[Result "1-0"]
[WhiteElo "2002"]
[BlackElo "1586"]
[PlyCount "53"]
[EventDate "2023.02.12"]
[WhiteTeam "Hull & East Riding Tigers"]
[BlackTeam "Watford A"]

1. d4 d5 2. c4 c6 3. cxd5 cxd5 4. Nc3 e6 5. Nf3 Bd7 6. Bf4 Be7 7. e3 f5 8. Bd3
Nf6 9. h3 O-O 10. g4 Ne4 11. gxf5 exf5 12. Nxd5 Qa5+ 13. Nd2 Nxd2 14. Nxe7+ Kf7
15. Qxd2 Qxd2+ 16. Kxd2 Kxe7 17. Rhg1 g6 18. h4 Be6 19. Rac1 Nc6 20. Rc5 Bxa2
21. d5 Rac8 22. dxc6 Rxc6 23. Rxc6 bxc6 24. Ra1 Be6 25. Rxa7+ Bd7 26. b4 Rc8
27. b5 1-0

[Event "4NCL Division Three East"]
[Site "Warwick, ENG"]
[Date "2023.02.12"]
[Round "6.61"]
[White "Stewart, Ashley"]
[Black "Kanellopoulos, Panayotis"]
[Result "1/2-1/2"]
[WhiteElo "2051"]
[BlackElo "2272"]
[PlyCount "125"]
[EventDate "2023.02.12"]
[WhiteTeam "Cambridge University 2"]
[BlackTeam "Anglian Avengers 1"]

1. c4 g6 2. g3 Bg7 3. Bg2 Nf6 4. Nc3 O-O 5. Nf3 d6 6. O-O e5 7. d4 Nbd7 8. e4
c6 9. Be3 Ng4 10. Bg5 Qe8 11. Re1 exd4 12. Nxd4 Qe5 13. Nf3 Qc5 14. Qe2 Nde5
15. Nxe5 Nxe5 16. Be3 Qxc4 17. Qd2 Bg4 18. Bf4 Rad8 19. Bh6 b5 20. Bxg7 Kxg7
21. Qe3 b4 22. Na4 c5 23. b3 Qd3 24. Nb2 Qxe3 25. Rxe3 Nc6 26. h3 Be6 27. Rc1
Rc8 28. f4 Nd4 29. g4 f6 30. e5 dxe5 31. fxe5 a5 32. exf6+ Rxf6 33. Re5 Bf7 34.
Rcxc5 Ne2+ 35. Kh2 Rxc5 36. Rxc5 Rd6 37. Rc2 Nc3 38. Nc4 Ra6 39. Ne5 a4 40.
Nxf7 axb3 41. axb3 Kxf7 42. g5 h6 43. Rf2+ Kg7 44. gxh6+ Kxh6 45. Rf4 Rb6 46.
Bf3 g5 47. Rc4 Rf6 48. Kg3 Rf4 49. Rxf4 gxf4+ 50. Kxf4 Na2 51. Ke5 Kg7 52. Be4
Nc1 53. Bd5 Kh8 54. Kd4 Nxb3+ 55. Bxb3 Kg7 56. Kc4 Kh8 57. Kxb4 Kg7 58. Kc5 Kh8
59. Kd6 Kg7 60. Ke7 Kh8 61. Kf6 Kh7 62. Bc2+ Kh8 63. Kf7 1/2-1/2

[Event "4NCL Division Three East"]
[Site "Warwick, ENG"]
[Date "2023.02.12"]
[Round "6.62"]
[White "Talsma, Paul"]
[Black "Starley, Robert"]
[Result "1/2-1/2"]
[WhiteElo "2195"]
[BlackElo "2013"]
[PlyCount "79"]
[EventDate "2023.02.12"]
[WhiteTeam "Anglian Avengers 1"]
[BlackTeam "Cambridge University 2"]

1. d4 Nf6 2. c4 e6 3. Nc3 Bb4 4. f3 d5 5. a3 Bxc3+ 6. bxc3 O-O 7. cxd5 exd5 8.
e3 c5 9. Bd3 b6 10. Ne2 Ba6 11. O-O Bxd3 12. Qxd3 Re8 13. Ng3 Nc6 14. Bb2 Rc8
15. Rae1 g6 16. e4 cxd4 17. cxd4 h5 18. e5 h4 19. Nh1 Nh5 20. Bc1 Ng7 21. Nf2
Nf5 22. Ng4 Re6 23. Nf6+ Rxf6 24. Bg5 Ncxd4 25. exf6 Qd6 26. Bxh4 Nc2 27. Rc1
Nxh4 28. Rxc2 Rxc2 29. Qxc2 Qxf6 30. Qe2 Qc3 31. Qe8+ Kg7 32. Qe1 Qd4+ 33. Kh1
Nf5 34. f4 Qd3 35. Qe5+ Kh7 36. Re1 Qd2 37. Qe8 Kg7 38. Qe5+ Kh7 39. Qe8 Kg7
40. Qe5+ 1/2-1/2

[Event "4NCL Division Three East"]
[Site "Warwick, ENG"]
[Date "2023.02.12"]
[Round "6.63"]
[White "Chan, Nevil"]
[Black "Walker, Martin G"]
[Result "1/2-1/2"]
[WhiteElo "2001"]
[BlackElo "2182"]
[PlyCount "74"]
[EventDate "2023.02.12"]
[WhiteTeam "Cambridge University 2"]
[BlackTeam "Anglian Avengers 1"]

1. d4 Nf6 2. Nc3 d5 3. Bg5 Nbd7 4. Nf3 g6 5. e3 Bg7 6. Bd3 O-O 7. O-O c5 8. Ne5
cxd4 9. Nxd7 Bxd7 10. exd4 Be6 11. Ne2 Qb6 12. Qd2 Rfe8 13. c3 Ne4 14. Bxe4
dxe4 15. Be3 Red8 16. Qc2 Bc4 17. Rfe1 f5 18. b3 Bf7 19. Rad1 Rac8 20. c4 Qa6
21. Qb1 b5 22. c5 h6 23. g4 e6 24. g5 hxg5 25. Bxg5 Rd5 26. Be3 e5 27. dxe5
Bxe5 28. Rxd5 Bxd5 29. Rd1 Qe6 30. Nf4 Bxf4 31. Bxf4 Rxc5 32. Rc1 Qc6 33. Rxc5
Qxc5 34. Be3 Qc6 35. Qd1 Kf7 36. Qd2 a6 37. Qd4 Ke6 1/2-1/2

[Event "4NCL Division Three East"]
[Site "Warwick, ENG"]
[Date "2023.02.12"]
[Round "6.64"]
[White "Lewis, Andrew P"]
[Black "Atako, Chino C"]
[Result "1/2-1/2"]
[WhiteElo "2229"]
[BlackElo "2032"]
[PlyCount "39"]
[EventDate "2023.02.12"]
[WhiteTeam "Anglian Avengers 1"]
[BlackTeam "Cambridge University 2"]

1. d4 e6 2. Nf3 f5 3. Bf4 Nf6 4. e3 b6 5. Bd3 Bb7 6. O-O Be7 7. c4 O-O 8. Nc3
Ne4 9. Bxe4 fxe4 10. Nd2 d5 11. Rc1 Na6 12. a3 c5 13. Be5 Bf6 14. Qg4 Qe7 15.
f4 cxd4 16. exd4 Bxe5 17. fxe5 e3 18. Nf3 dxc4 19. Ng5 Nc7 20. Qg3 1/2-1/2

[Event "4NCL Division Three East"]
[Site "Warwick, ENG"]
[Date "2023.02.12"]
[Round "6.65"]
[White "Gooding, Ian"]
[Black "Peck, Silas"]
[Result "1-0"]
[WhiteElo "1941"]
[BlackElo "2075"]
[PlyCount "125"]
[EventDate "2023.02.12"]
[WhiteTeam "Cambridge University 2"]
[BlackTeam "Anglian Avengers 1"]

1. e4 e5 2. Nf3 Nc6 3. Nc3 Nf6 4. Bb5 Nd4 5. Ba4 Nxf3+ 6. gxf3 Bc5 7. d3 Nh5 8.
h4 O-O 9. f4 Nxf4 10. Bxf4 exf4 11. d4 Bb4 12. Qf3 c6 13. Bb3 a5 14. O-O-O Bxc3
15. Qxc3 a4 16. Bc4 b5 17. Be2 a3 18. b3 Re8 19. Bf3 Qa5 20. b4 Qd8 21. Rdg1
Qf6 22. Rg5 Ra4 23. Rhg1 g6 24. h5 Qd6 25. hxg6 fxg6 26. Rc5 Bb7 27. d5 Re5 28.
Rd1 cxd5 29. exd5 Ba6 30. Qd4 Re8 31. c3 Qe5 32. Qxe5 Rxe5 33. Rc7 d6 34. Rc6
Bb7 35. Rxd6 Ra6 36. Rxa6 Bxa6 37. d6 Re8 38. d7 Rd8 39. Rd6 Kg7 40. Rxa6 Rxd7
41. Kc2 Kh6 42. Rxa3 Kg5 43. Ra5 Kh4 44. Rxb5 g5 45. Rf5 Ra7 46. Kb3 Rd7 47.
Rd5 Re7 48. Rf5 Re1 49. a4 Rf1 50. a5 Rxf2 51. a6 Rxf3 52. a7 Kg4 53. a8=Q Rg3
54. Qd5 Kh4 55. Rf7 h5 56. Rh7 Kg4 57. Qd1+ f3 58. Qd4+ Kh3 59. Rxh5+ Kg2 60.
Qd1 g4 61. Rh1 f2 62. Qf1+ Kf3 63. Rh2 1-0